00371nam a2200145Ia 4500008004100000020001500041041001200056082001600068100001900084245005800103260002500161300000800186650001500194700001600209221030s9999 xx 000 0 und d a007085811X aEnglish a105.23bMim aS. Mimoshenko 0aEngineering Mechanicscby S. Mimoshenko, D. H. Young bTMHaNew Delhic1956 a478 aMechanical aD. H. Young